000 00550nam a2200193Ia 4500
005 20250326143634.0
008 250326s9999 xx 000 0 und d
020 _a0-471-95490-X
037 _aTextbook
040 _aFMSL
_beng
_cFMSL
041 _aeng
_2eng
084 _aX:74 N6
_qFMSL
100 _aArmistead C
_9746133
245 0 _aManaging business processes : BPR and beyond
_cArmistead C; Rowland P
260 _aNew York
_bNew York, John Wiley
_c1996
300 _a363p
942 _cTB
_hX:74 N6
999 _c1300394
_d1300394